Succeeding in the inclusive classroom (Record no. 481354)

MARC details
000 -LEADER
fixed length control field 01476cam a2200325 a 4500
001 - CONTROL NUMBER
control field EDZ0000063791
003 - CONTROL NUMBER IDENTIFIER
control field StDuBDS
005 - DATE AND TIME OF LATEST TRANSACTION
control field 20161031105206.0
006 - FIXED-LENGTH DATA ELEMENTS--ADDITIONAL MATERIAL CHARACTERISTICS--GENERAL INFORMATION
fixed length control field m||||||||d||||||||
007 - PHYSICAL DESCRIPTION FIXED FIELD--GENERAL INFORMATION
fixed length control field cr |||||||||||
008 - FIXED-LENGTH DATA ELEMENTS--GENERAL INFORMATION
fixed length control field 120323s2011 caua fo| 000|0|eng|d
020 ## - INTERNATIONAL STANDARD BOOK NUMBER
International Standard Book Number 9781452230665 (ebook) :
Terms of availability No price
040 ## - CATALOGING SOURCE
Original cataloging agency StDuBDS
Language of cataloging eng
Transcribing agency StDuBDS
Description conventions pn
049 ## - LOCAL HOLDINGS (OCLC)
Holding library Alfaisal Main Library
050 #0 - LIBRARY OF CONGRESS CALL NUMBER
Classification number LC1200
Item number .M8 2011
082 04 - DEWEY DECIMAL CLASSIFICATION NUMBER
Classification number 371.9046
Edition number 23
100 1# - MAIN ENTRY--PERSONAL NAME
Personal name Metcalf, Deborah J.
245 10 - TITLE STATEMENT
Title Succeeding in the inclusive classroom
Medium [electronic resource] :
Remainder of title K-12 lesson plans using universal design for learning /
Statement of responsibility, etc Debbie Metcalf.
260 ## - PUBLICATION, DISTRIBUTION, ETC. (IMPRINT)
Place of publication, distribution, etc Thousand Oaks, Calif. ;
-- London :
Name of publisher, distributor, etc SAGE,
Date of publication, distribution, etc c2011.
300 ## - PHYSICAL DESCRIPTION
Extent 1 online resource (vii, 61 p.) :
Other physical details ill.
520 8# - SUMMARY, ETC.
Summary, etc This text provides strategies pre-service and in-service teachers can use to apply the principles of Universal Design for Learning (UDL) to their lesson planning. UDL lesson planning considers 'up front' potential barriers that could limit access to instruction for some learners and helps teachers brainstorm possible solutions before lessons begin.
521 ## - TARGET AUDIENCE NOTE
Target audience note Specialized.
650 #0 - SUBJECT ADDED ENTRY--TOPICAL TERM
Topical term or geographic name as entry element Inclusive education.
650 #0 - SUBJECT ADDED ENTRY--TOPICAL TERM
Topical term or geographic name as entry element Special education.
655 #7 - INDEX TERM--GENRE/FORM
Genre/form data or focus term Electronic books.
Source of term local
710 2# - ADDED ENTRY--CORPORATE NAME
Corporate name or jurisdiction name as entry element Sage eBooks
776 08 - ADDITIONAL PHYSICAL FORM ENTRY
Display text Print version :
International Standard Book Number 9781412989718
856 40 - ELECTRONIC LOCATION AND ACCESS
Uniform Resource Identifier <a href="http://ezproxy.alfaisal.edu/login?url=http://sk.sagepub.com/books/succeeding-in-the-inclusive-classroom">http://ezproxy.alfaisal.edu/login?url=http://sk.sagepub.com/books/succeeding-in-the-inclusive-classroom</a>
942 ## - ADDED ENTRY ELEMENTS (KOHA)
Source of classification or shelving scheme Library of Congress Classification
Koha item type eBooks

No items available.

Copyright © 2020 Alfaisal University Library. All Rights Reserved.
Tel: +966 11 2158948 Fax: +966 11 2157910 Email:
librarian@alfaisal.edu